000 00537nam a2200181 i 4500
001 38143
003 ES-MaACL
005 20250820063026.0
007 t|
008 030224s1925 sp ||||1| spa d
100 1 _aCalandre, Luis,
_d1890-1961
_933528
245 1 0 _aTranstornos del ritmo cardiaco
_b: diagnóstico y tratamiento /
_cLuis Calandre.
260 _aMadrid :
_bJosé Molina,
_c1925.
300 _a94 p. :
_bil. ;
_c24 cm.
650 4 _aArritmia.
_9165563
852 _aES-MaACL
_j1800-F-3
999 _c38143
_d38143